| 000 | 00669nam a22002055a 4500 | ||
|---|---|---|---|
| 008 | 150819t2015 ii a frbd 000 0 eng d | ||
| 020 | _a9788183213837 | ||
| 040 |
_aEG-ScBUE _beng _cEG-ScBUE |
||
| 082 | 0 | 4 |
_222 _a363.345 _bSRI |
| 100 | 1 |
_aSrinivas, Bandla. _938392 |
|
| 245 | 1 | 0 |
_aTextbook of disaster management : _bincorporating model test questions / _cBandla Srinivas. |
| 260 |
_aUdaipur : _bAgrotech Publishing Academy, _cc.2015. |
||
| 300 |
_a304 p. : _bill. , _c27 cm. |
||
| 500 | _aGlossary : p. 297-304. | ||
| 504 | _aBibliography : p. 286-296. | ||
| 650 | 0 |
_2BUEsh _aEmergency management |
|
| 651 | _2BUEsh | ||
| 653 |
_bBUSADM _cAugust2015 |
||
| 942 | _2ddc | ||
| 999 |
_c20657 _d20629 |
||